000
00186nam a22000857a 4500
001
1236187
005
20251001144703.0
245
_a
AZAT KUŞU
_c
GÜLTEN DAYIOĞLU
260
_b
ALTIN KİTAPLAR
999
_c
1236187
_d
1236187